Multicultural odysseys navigating the new international politics of diversity
Salvato in:
| Autore principale: | |
|---|---|
| Natura: | Libro |
| Lingua: | inglese |
| Pubblicazione: |
Oxford
Oxford University Press
2013
|
| Soggetti: | |
| Tags: |
Nessun Tag, puoi essere il primo ad aggiungerne!!
|
MARC
| LEADER | 00000nam a2200000 4500 | ||
|---|---|---|---|
| 001 | 0222372 | ||
| 005 | 20240314103504.0 | ||
| 020 | |a 978-0-19-956255-8 | ||
| 041 | 0 | |a eng | |
| 044 | |a GB | ||
| 245 | 1 | 0 | |a Multicultural odysseys |b navigating the new international politics of diversity |c Will Kymlicka |
| 264 | 1 | |a Oxford |b Oxford University Press |c 2013 | |
| 300 | |a ix, 374 s. | ||
| 610 | 2 | 0 | |a multikulturalizmus |
| 610 | 2 | 0 | |a kultúra |
| 610 | 2 | 0 | |a práva ľudské |
| 610 | 2 | 0 | |a správanie sociálne |
| 100 | 1 | |a Kymlicka, Will | |